00462nam a22001697a 450000500170000001000150001702000260003203500140005803700090007208200110008110000210009224500550011325000060016826000340017427000640020830000200027220250724154431.0 aENG-146146 c350.00a9789348892201 aEN-129678 bDBAD a88121 aGanguli, Spondon aBeneath the Sky Between the Line/cSpondon Ganguli a1 aKolkatabExceller Booksc2024 aG1 Dream Apartment, Degree College Roadb Belgharia,Kolkata a97p. c22cm(pb)